Federal Subjects of Siberia - Statistics

General Stats
  • This quiz has been taken 33 times
  • The average score is 13 of 19
Answers on the Map
Answers color-coded by a green-red scale on the quiz's map according to % correct below.
 
Answer Stats
Federal Subjects % Correct
Krasnoyarsk
81%
Altai
78%
Altai
78%
Irkutsk
78%
Sakha
78%
Novosibirsk
74%
Omsk
74%
Tuva
74%
Tomsk
70%
Buryatia
63%
Kurgan
63%
Tyumen
63%
Chelyabinsk
59%
Zabaykalsky
59%
Kemerovo
56%
Khakassia
56%
Khanty–Mansi / Yugra
56%
Yamalo-Nenets
56%
Sverdlovsk
52%
No matching quizzes found
Score Distribution
Percent of People with Each Score
Percentile by Number Answered
Your Score History
You have not taken this quiz